000 00593nam a2200121Ia 4500
008 220620s9999||||xx |||||||||||||| ||und||
100 _aBelland, Brian R.
245 0 _aInstructional Scaffolding in STEM Education: Strategies and Efficacy Evidence
546 _aEnglish[eng]
650 _ascience education||educational technology||learning and instruction
856 _uhttps://library.oapen.org/bitstream/20.500.12657/28050/1/1001944.pdf||https://library.oapen.org/bitstream/20.500.12657/28050/1/1001944.pdf||https://library.oapen.org/bitstream/20.500.12657/28050/1/1001944.pdf
942 _cEB
999 _c28416
_d28416